| 000 | 00790nam a2200241 a 4500 | ||
|---|---|---|---|
| 999 |
_c11415 _d11415 |
||
| 001 | 11415 | ||
| 003 | BD-JhCC | ||
| 005 | 20220811134024.0 | ||
| 008 | 190911b 2018bg |||| ||a| 000 0 ben d | ||
| 020 | _a9789849316978 | ||
| 035 | _a(BD-JhCC)11415 | ||
| 040 |
_aBD-JhCC _dBD-JhCC |
||
| 041 | _aben | ||
| 082 |
_bLEE 2018 _a813.54 |
||
| 100 | _aলী, হারপার | ||
| 245 |
_aটু কিল এ মকিংবার্ড / _cহারপার লী, অনু: খালেদ হাসান । |
||
| 260 |
_aঢাকা: _bনালন্দা; _c২০১৮. |
||
| 300 |
_a৩৫২ পৃ. : _c২২ সেমি. |
||
| 650 | _aRace Relations | Trials (Rape) | ||
| 700 | _aহাসান, খালেদ | ||
| 942 |
_2ddc _cBK _08 |
||